Normal view
MARC view
- Sosyal Demokrat Halkçı Parti (Turkey)
Entry Corporate Name
001 - CONTROL NUMBER
- control field: 44973
003 - CONTROL NUMBER IDENTIFIER
- control field: OCoLC
005 - DATE AND TIME OF LATEST TRANSACTION
- control field: 20201106091236.0
008 - FIXED-LENGTH DATA ELEMENTS
- fixed length control field: 880325n| acannaabn |a ana |||
010 ## - LIBRARY OF CONGRESS CONTROL NUMBER
- LC control number: n 87928749
040 ## - CATALOGING SOURCE
- Original cataloging agency: DLC
- Language of cataloging: eng
- Transcribing agency: DLC
- Modifying agency: DLC
- Modifying agency: CLU
- Description conventions: rda
110 2# - HEADING--CORPORATE NAME
- Corporate name or jurisdiction name as entry element: Sosyal Demokrat Halkçı Parti (Turkey)
410 2# - SEE FROM TRACING--CORPORATE NAME
- Corporate name or jurisdiction name as entry element: Social Democratic People's Party (Turkey)
410 2# - SEE FROM TRACING--CORPORATE NAME
- Corporate name or jurisdiction name as entry element: Sosyal Demokrat Halk Partisi (Turkey)
410 2# - SEE FROM TRACING--CORPORATE NAME
- Corporate name or jurisdiction name as entry element: SHP
410 2# - SEE FROM TRACING--CORPORATE NAME
- Corporate name or jurisdiction name as entry element: SDH
410 2# - SEE FROM TRACING--CORPORATE NAME
- Corporate name or jurisdiction name as entry element: Social Democratic Populist Party (Turkey)
410 2# - SEE FROM TRACING--CORPORATE NAME
- Corporate name or jurisdiction name as entry element: Sosyaldemokrat Halkçı Parti (Turkey)
510 2# - SEE ALSO FROM TRACING--CORPORATE NAME
- Corporate name or jurisdiction name as entry element: Halkçı Parti (Turkey)
- Control subfield: a
670 ## - SOURCE DATA FOUND
- Source citation: Alpay, Ş. DSP, SHP, nerede birleşiyor, nerede ... 1986.
670 ## - SOURCE DATA FOUND
- Source citation: Pol. hdbk. of the world, 1986:
- Information found: p. 565 (Social Democratic People's Party; Sosyal Demokrat Halk Partisi; SDH; formed mid-1985 by merger of Halkçı Parti and Sosyal Demokrasi Parti [no publs. in LC data base])
670 ## - SOURCE DATA FOUND
- Source citation: Coşkun, S. SHP, bir olu̧sumun perde arkası, 1986?:
- Information found: p. 194, etc. (Sosyal Demokrat Halkçı Parti; SHP formed from merger of Halkçı Parti & Sosyal Demokrasi Partisi)
670 ## - SOURCE DATA FOUND
- Source citation: Its The Social Democratic Populist Party. 1986:
- Information found: t.p. (Sosyal Demokrat Halkçı Parti, SHP; Social Democratic Populist Party; Ankara)
670 ## - SOURCE DATA FOUND
- Source citation: Anadolu konuşuyor, 1987-:
- Information found: v. 2, t.p. (Sosyaldemokrat Halkçı Parti; SHP)
675 ## - SOURCE DATA NOT FOUND
- Source citation: Statesman's yrbk., 1987-88.



